| 000 | 01179nam a22003257a 4500 | ||
|---|---|---|---|
| 001 | 20738 | ||
| 003 | CO-MdFUSB | ||
| 005 | 20240531062744.0 | ||
| 008 | 160920t2010 xxu||||| |||| 00| 0 eng d | ||
| 020 | _a978-0-687-66000-1 | ||
| 040 |
_cCO-MdFUSB _aCO-MdFUSB _bEspañol _dCO-MdFUSB _erda |
||
| 041 | _aeng | ||
| 082 |
_224 _aG 200 _bN496i |
||
| 100 | 1 | _aNeusner, Jacob., (Editor) | |
| 245 | 1 | 0 |
_aIntroduction to world religions _b: Communities and cultures _c / Edited by Jacob Neusner |
| 264 |
_aNashville, Tennessee: _bAbingdon Press, _c2010 |
||
| 300 | _axxiii, 349 páginas | ||
| 336 |
_2rdacontent _a1 _ba1 |
||
| 337 |
_2rdamedia _a2 _b5 |
||
| 338 |
_2rdacarrier _a2 _b5 |
||
| 501 | _aRústico | ||
| 505 | 0 | 0 | _aIntroducción a las religiones del mundo: Comunidades y culturas - Judaísmo - Cristianismo - Islam - Hinduismo - Budismo - Taoísmo - Confucionismo - Sintoístas - Religiones indígenas - Nuevas religiones americanas del siglo XIX - Nuevas religiones americanas del siglo XX |
| 650 | 7 |
_9385 _aReligión |
|
| 650 | 7 |
_aCristianismo _2 _922 |
|
| 650 | 7 |
_aJudaísmo _2 _96881 |
|
| 653 | _aIslam | ||
| 653 | _aHinduísmo | ||
| 653 | _aBudismo | ||
| 942 | _cBK | ||
| 999 |
_c47089 _d47089 |
||